[Event "AUTO-BEG-189"]
[Site "http://www.queenalice.com/game.php?id=410577"]
[Date "2008.5.30"]
[Round "2"]
[White "jaychess"]
[Black "terrazz"]
[Result "0-1"]
[WhiteElo "1644"]
[BlackElo "1583"]

1. d4 c5 2. Nf3 cxd4 3. Nxd4 Nf6 4. Nc3 e6 5. e4 Bb4 6. f3 O-O 7. a3 Bxc3+ 8.
bxc3 Qc7 9. Bd2 Nc6 10. Bd3 d5 11. O-O b6 12. Qe2 Bb7 13. e5 Qxe5 14. Nxc6 Qxe2
15. Ne7+ Kh8 16. Bxe2 Rfe8 17. Nxd5 Nxd5 18. Bb5 Rec8 19. c4 Nc7 20. Ba4 Na6 21.
Bb3 Rd8 22. Bc3 Nc5 23. f4 Ne4 24. Bb2 Rac8 25. Rad1 Ba6 26. Rxd8+ Rxd8 27. Re1
Nf6 28. h3 h5 29. g3 Rc8 30. Bxf6 gxf6 31. Re4 Rg8 32. Kf2 Rd8 33. Ke3 Rd1 34.
a4 Rg1 35. Kf3 Bb7 36. Kf2 Rxg3 37. Rxe6 Rg2+ 38. Kf1 fxe6 39. Ke1 Rg3 40. h4
Rg4 41. Kf2 Rxf4+ 42. Kg3 Rg4+ 43. Kh3 e5 44. Ba2 e4 45. c5 bxc5 46. Be6 Rg1 47.
Bc4 e3 48. Kh2 Rg2+ 49. Kh3 e2 50. Bxe2 Rxe2 51. c4 Rg2 52. a5 Rg4 53. a6 Bxa6
0-1

[Event "AUTO-BEG-189"]
[Site "http://www.queenalice.com/game.php?id=410578"]
[Date "2008.5.30"]
[Round "2"]
[White "terrazz"]
[Black "jaychess"]
[Result "1-0"]
[WhiteElo "1564"]
[BlackElo "1641"]

1. e4 c5 2. Nf3 Nc6 3. d4 cxd4 4. Nxd4 e5 5. Nb5 d6 6. N1c3 a6 7. Na3 Nf6 8. Bg5
h6 9. Bxf6 gxf6 10. Nd5 Be6 11. Qf3 Bxd5 12. exd5 Nd4 13. Qe3 Qa5+ 14. c3 Be7
15. O-O-O Nf5 16. Qe4 Ng7 17. Bc4 Qc5 18. Bb3 Qxf2 19. Rhf1 Qc5 20. Rf3 Rc8 21.
Rh3 b5 22. Kb1 f5 23. Qc2 e4 24. Qd2 Bg5 25. Qe2 f6 26. Nc2 a5 27. Nd4 a4 28.
Bc2 Rb8 29. g4 b4 30. Bxa4+ Kf7 31. c4 fxg4 32. Qxg4 Qxc4 33. Qxe4 Ra8 34. Bb3
Qc8 35. Ne6 Re8 36. Qxb4 Nxe6 37. dxe6+ Ke7 38. Qxd6# 1-0

[Event "AUTO-BEG-189"]
[Site "http://www.queenalice.com/game.php?id=410581"]
[Date "2008.5.30"]
[Round "2"]
[White "terrazz"]
[Black "ramy"]
[Result "1-0"]
[WhiteElo "1620"]
[BlackElo "1559"]

1. e4 c6 2. d4 d5 3. e5 Bf5 4. g4 Bg6 5. h4 h6 6. Bd3 Bxd3 7. Qxd3 e6 8. f4 Nd7
9. Nf3 c5 10. Be3 Qb6 11. b3 h5 12. g5 Ne7 13. Nc3 Nf5 14. Na4 Qb4+ 15. c3 Qa5
16. dxc5 Nxc5 17. Bxc5 Bxc5 18. Nxc5 Qxc5 19. Nd4 Nxd4 20. Qxd4 Qxd4 21. cxd4
O-O 22. Kd2 Rac8 23. Rac1 Rc6 24. Rxc6 bxc6 25. Rc1 Rc8 26. Rc5 Rc7 27. b4 a6
28. a4 Kf8 29. b5 axb5 30. axb5 Ke7 31. bxc6 Rc8 32. Kc3 Kd8 33. Kb4 Rb8+ 34.
Rb5 Rc8 35. Kc5 Kc7 36. Rb7+ Kd8 37. Rxf7 Rc7 38. Rf8+ Ke7 39. Rh8 g6 40. Rh6
1-0

[Event "AUTO-BEG-189"]
[Site "http://www.queenalice.com/game.php?id=410582"]
[Date "2008.5.30"]
[Round "2"]
[White "ramy"]
[Black "terrazz"]
[Result "0-1"]
[WhiteElo "1479"]
[BlackElo "1609"]

1. d4 d5 2. c4 e6 3. Nc3 Nf6 4. Nf3 b6 5. g3 dxc4 6. Qa4+ Qd7 7. Qxc4 Ba6 8. Qb3
c5 9. dxc5 Bxc5 10. Bg2 Bb7 11. O-O Nc6 12. Bg5 O-O 13. Rad1 Qe7 0-1

[Event "QA-ANNIV-04"]
[Site "http://www.queenalice.com/game.php?id=418389"]
[Date "2008.6.16"]
[Round "1"]
[White "terrazz"]
[Black "Conran"]
[Result "1/2-1/2"]
[WhiteElo "1601"]
[BlackElo "1810"]

1. e4 e6 2. d4 d5 3. exd5 exd5 4. Nf3 Nf6 5. Bd3 Bd6 6. O-O O-O 7. Bg5 Bg4 8.
Nbd2 Nc6 9. c3 Re8 10. Qc2 h6 11. Bh4 Be7 12. Rfe1 Qd6 13. Ne5 Be6 14. Re2 Nd7
15. Bg3 Ndxe5 16. Rae1 Qd7 17. Bxe5 Nxe5 18. Rxe5 Bd6 19. R5e2 Bg4 20. f3 Be6
21. Nf1 Re7 22. Ne3 Rae8 23. Nf5 Bxf5 24. Bxf5 Rxe2 25. Bxd7 Rxe1+ 26. Kf2 R8e7
27. Bf5 Bxh2 28. Bd3 h5 29. Qd2 h4 30. f4 g6 31. f5 Bg3+ 32. Kf3 R7e3+ 33. Qxe3
Rxe3+ 34. Kxe3 g5 35. f6 Bf4+ 36. Ke2 Bc1 37. b3 g4 38. Bf5 b6 39. Bxg4 Bg5 40.
Bd7 c5 41. Bc6 cxd4 42. cxd4 Bxf6 43. Kd3 Kf8 44. Bxd5 Bd8 45. Ke4 Bg5 46. Bc4
Ke7 47. Kf5 f6 48. Bg8 1/2-1/2

[Event "Challenge"]
[Site "http://www.queenalice.com/game.php?id=419793"]
[Date "2008.6.18"]
[Round "-"]
[White "pipino"]
[Black "terrazz"]
[Result "0-1"]
[WhiteElo "1761"]
[BlackElo "1634"]

1. d4 d5 2. c4 e6 3. Nc3 Nf6 4. Nf3 Be7 5. e3 O-O 6. Bd3 b6 7. O-O Bb7 8. cxd5
Nxd5 9. Nxd5 Bxd5 10. e4 Bb7 11. Qd2 Nd7 12. b4 Rc8 13. Qc3 c5 14. dxc5 bxc5 15.
Bb2 Nf6 16. e5 Nd5 17. Qc2 h6 18. Rfd1 Qc7 19. a3 cxb4 20. Qxc7 Rxc7 21. axb4
Nxb4 22. Ba3 Bxf3 23. gxf3 Nd5 24. Bxe7 Rxe7 25. Ra4 Nc3 26. Rda1 Nxa4 27. Rxa4
Rd7 28. Bf1 Ra8 29. Rh4 a5 30. f4 a4 31. f5 exf5 32. Bh3 Rd1+ 33. Kg2 a3 34.
Bxf5 a2 35. Kf3 a1=Q 36. Kg4 Qxe5 37. f4 Rg1+ 38. Kh5 g6+ 39. Kxh6 Qg7# 0-1

[Event "QA-ANNIV-04"]
[Site "http://www.queenalice.com/game.php?id=445698"]
[Date "2008.8.8"]
[Round "2"]
[White "ramongarcia"]
[Black "terrazz"]
[Result "0-1"]
[WhiteElo "2107"]
[BlackElo "1655"]

1. e4 c6 2. d4 d5 3. exd5 cxd5 4. c4 e6 5. Nc3 Nf6 6. Nf3 Be7 7. cxd5 Nxd5 8.
Bd3 Nc6 9. O-O O-O 10. Re1 Bf6 11. Be4 Nce7 12. Ne5 Qb6 13. a3 Rd8 14. Bxh7+ Kf8
15. Bc2 Bxe5 16. Rxe5 Nf6 17. Be3 Bd7 18. b4 Bc6 19. Qe2 Ned5 20. Nxd5 Bxd5 21.
Rc1 Rac8 22. Qd2 Qa6 0-1

[Event "Treino"]
[Site "http://www.queenalice.com/game.php?id=449196"]
[Date "2008.8.16"]
[Round "-"]
[White "terrazz"]
[Black "pipino"]
[Result "1-0"]
[WhiteElo "1757"]
[BlackElo "1735"]

1. e4 b6 2. d4 c5 3. dxc5 bxc5 4. Nf3 Nc6 5. Bc4 e6 6. O-O Bd6 7. b3 Nf6 8. Qxd6
Nxe4 9. Qd3 d5 10. Bb5 Bd7 11. Bxc6 Bxc6 12. Bb2 Nf6 13. Ne5 Qc7 14. Nxc6 Qxc6
15. Qg3 O-O-O 16. Qxg7 Ne4 17. Qxh8 Rxh8 18. Bxh8 Qb5 19. Nc3 Nxc3 20. Bxc3 Qe2
21. Rac1 Kd7 22. b4 c4 23. Bd4 a6 24. a4 Kc6 25. c3 f5 26. Rce1 Qa2 27. Rxe6+
Kd7 28. Rxa6 f4 29. a5 Qc2 30. Rf6 Qe4 31. a6 h5 32. a7 1-0

[Event "Treino"]
[Site "http://www.queenalice.com/game.php?id=449197"]
[Date "2008.8.16"]
[Round "-"]
[White "pipino"]
[Black "terrazz"]
[Result "0-1"]
[WhiteElo "1775"]
[BlackElo "1685"]

1. e4 e5 2. Nf3 Nc6 3. Bc4 Nf6 4. Ng5 d5 5. exd5 Na5 6. d3 h6 7. Nf3 e4 8. Qe2
Nxc4 9. dxc4 Bg4 10. Nbd2 Qe7 11. Qe3 exf3 12. gxf3 Bh5 13. Ne4 O-O-O 14. Bd2
Bxf3 15. Qxf3 Nxe4 16. O-O-O Nxd2 17. Rxd2 Qg5 18. Re1 Bd6 19. Kb1 Qxd2 20. Re4
Rhe8 21. c5 Rxe4 22. b3 Re1+ 23. Kb2 Qd4+ 24. Qc3 Rb1+ 25. Kxb1 Qxc3 26. a4 Re8
0-1

[Event "QA-ANNIV-04"]
[Site "http://www.queenalice.com/game.php?id=479342"]
[Date "2008.10.18"]
[Round "3"]
[White "terrazz"]
[Black "ShahMaster"]
[Result "1/2-1/2"]
[WhiteElo "1772"]
[BlackElo "1953"]

1. e4 e5 2. Nf3 Nc6 3. Bc4 d6 4. c3 Na5 5. Bb5+ c6 6. Be2 b5 7. a4 a6 8. b4 Nb7
9. axb5 cxb5 10. Bxb5+ Bd7 11. Bxd7+ Qxd7 12. Qe2 a5 13. O-O Be7 14. d4 Bf6 15.
Rd1 exd4 16. Nxd4 Ne7 17. bxa5 O-O 18. Nb5 Qc6 19. a6 Rfd8 20. Bb2 Nc5 21. Nd4
Qb6 22. Na3 Rxa6 23. Nc4 Qb7 24. Rxa6 Qxa6 25. Ra1 Na4 26. Qc2 Qxc4 27. Rxa4 Qc5
28. Qd3 d5 29. e5 Bxe5 30. Ba3 Qc7 31. Nb5 Qd7 32. Ra7 Qf5 33. Qxf5 Nxf5 34. g4
Nh4 35. Be7 Rb8 36. Bxh4 Rxb5 37. Ra8+ Rb8 38. Ra5 Bxc3 39. Rxd5 h6 40. Rd8+
1/2-1/2

[Event "QA-ANNIV-04"]
[Site "http://www.queenalice.com/game.php?id=514304"]
[Date "2008.12.29"]
[Round "4"]
[White "Vonkinho"]
[Black "terrazz"]
[Result "0-1"]
[WhiteElo "2085"]
[BlackElo "1839"]

1. d4 d5 2. c4 e6 3. Nc3 Nf6 4. Bg5 Be7 5. e3 O-O 6. Nf3 b6 7. cxd5 Nxd5 8. Bxe7
Nxe7 9. Rc1 Bb7 10. Bd3 Ng6 11. O-O Nd7 12. Nb5 c5 13. Nd6 Bxf3 14. Qxf3 cxd4
15. exd4 Nf6 16. Rc6 Ne7 17. Rfc1 Nxc6 18. Rxc6 Qd7 19. Bb5 a6 20. Ba4 Nd5 21.
Nc4 b5 22. Ne5 Qa7 23. Bc2 Qxd4 24. Qh5 Nf6 25. Qg5 h6 26. Qg3 Nh5 0-1

[Event "QA-ANNIV-04"]
[Site "http://www.queenalice.com/game.php?id=644233"]
[Date "2009.8.29"]
[Round "6"]
[White "breizatao"]
[Black "terrazz"]
[Result "1/2-1/2"]
[WhiteElo "2288"]
[BlackElo "1878"]

1. b4 Nf6 2. Bb2 e6 3. a3 d5 4. Nf3 c5 5. bxc5 Bxc5 6. e3 Nbd7 7. c4 O-O 8. d4
Bd6 9. Nbd2 b6 10. cxd5 Nxd5 11. e4 Nf4 12. g3 Ng6 13. Bb5 a6 14. Bd3 Bb7 15.
O-O b5 16. a4 b4 17. Qe2 a5 18. Rac1 Nb6 19. Bb5 Rc8 20. Nb3 Rxc1 21. Rxc1 Qa8
22. Nc5 Rc8 23. Nxb7 Rxc1+ 24. Bxc1 Qxb7 25. Bb2 Qc7 26. Qd3 h6 27. Nd2 Qd8 28.
Nb3 Nc8 29. Qc2 1/2-1/2

[Event "QA-ANNIV-04"]
[Site "http://www.queenalice.com/game.php?id=695072"]
[Date "2009.12.9"]
[Round "7"]
[White "terrazz"]
[Black "cunha"]
[Result "0-1"]
[WhiteElo "1892"]
[BlackElo "2640"]

1. e4 c5 2. Nf3 d6 3. d4 cxd4 4. Nxd4 Nf6 5. Nc3 a6 6. Bg5 e6 7. Be2 h6 8. Bh4
Be7 9. Qd2 O-O 10. O-O Qc7 11. Bg3 Nbd7 12. Rad1 b5 13. a3 Bb7 14. f3 Ne5 15.
Qe3 Rac8 16. Rd2 Nh5 17. f4 Nc4 18. Bxc4 bxc4 19. Rfd1 Nxg3 20. Qxg3 Ba8 21. f5
Bg5 22. Re2 Rce8 23. Qf2 Qb7 24. h3 Qxb2 25. Na4 Qb8 26. Rb1 Qxb1+ 0-1